000 00690nam a2200253 i 4500
001 C2-0287533
003 PPAK
005 20180728020828.0
008 080218s1968 nyua|||| ||||| | eng d
020 _a9780007224838
040 _aPPAK
_beng
_cPPAK
_erda
082 0 4 _a428.6
_223
090 0 0 _a428.6
_bBER
_dLCK
100 1 _aBerenstain, Stan,
_eauthor
245 1 0 _aInside, outside, upside down
264 1 _aNew York :
_bHarper Collins Publishers ,
_c1968
300 _a[32 pages] :
_bcolour illustrations ;
_c23 cm
336 _2rdacontent
_atext
337 _2rdamedia
_aunmediated
338 _2rdacarrier
_avolume
650 1 0 _aReaders
700 _eauthor
942 _ddc
_cB
999 _c93224
_d93224